000
00316nam a22001457a 4500
008
230627b ||||| |||| 00| 0 eng d
020
_a
9780071356183
041
_a
eng
080
_a
338
082
_a
338STE
100
_a
23
101
_a
MBE
245
_a
SKILLS FOR NEW MANAGERS
_c
STETTNER.M
942
_2
udc
_c
BK
999
_c
60051
_d
60051